[Event "Titled Tuesday intern op 21st Feb Early"]
[Site "Chess.com INT"]
[Date "2023.02.21"]
[Round "11"]
[White "Mitrovic, Darko R"]
[Black "Zhao, Harry"]
[Result "1-0"]
[WhiteElo "2220"]
[BlackElo "1981"]
[PlyCount "37"]
[EventDate "2023.02.21"]
[EventType "swiss (blitz)"]
[EventRounds "11"]
[EventCountry "USA"]
[SourceTitle "CBM 212 Extra"]
[Source "ChessBase"]
[SourceDate "2023.03.31"]
[SourceVersion "1"]
[SourceVersionDate "2023.03.31"]
[SourceQuality "1"]

1. d4 e6 2. Nf3 d5 3. g3 Nf6 4. Bg2 Bd6 5. 0-0 0-0 6. c4 c6 7. Nbd2 Nbd7 8. Qc2 b6 9. e4 dxe4 10. Nxe4 Nxe4 11. Qxe4 Bb7 12. Qe2 c5 13. Be3 cxd4 14. Nxd4 Bxg2 15. Kxg2 Rc8 16. Rad1 Qe7 17. b3 Ne5 18. Bf4 Rfd8 19. Bxe5 1-0

[Event "CAN-ch U20"]
[Site "Toronto"]
[Date "2019.08.10"]
[Round "5"]
[White "Zhao, Harry"]
[Black "Kang, Dorian"]
[Result "0-1"]
[WhiteElo "1950"]
[BlackElo "2087"]
[PlyCount "104"]
[EventDate "2019.08.08"]
[EventType "swiss"]
[EventRounds "8"]
[EventCountry "CAN"]
[SourceTitle "CBM 191 Extra"]
[Source "ChessBase"]
[SourceDate "2019.09.30"]
[SourceVersion "1"]
[SourceVersionDate "2019.09.30"]
[SourceQuality "1"]

1. d4 Nf6 2. Nf3 d5 3. c4 e6 4. Nc3 Bb4 5. Qc2 0-0 6. Bg5 h6 7. Bh4 c5 8. e3 cxd4 9. exd4 Nc6 10. a3 Be7 11. Rd1 Nh5 12. Bg3 Nxg3 13. hxg3 Bf6 14. c5 b6 15. Bb5 Bd7 16. Qa4 Qc7 17. b4 bxc5 18. bxc5 a6 19. Bxc6 Bxc6 20. Qc2 Qa5 21. g4 Rfb8 22. 0-0 Qxa3 23. Ra1 Qb3 24. Qxb3 Rxb3 25. Na4 Bd8 26. Ne5 Bb5 27. Rfc1 f6 28. Nf3 Bc6 29. Rc2 Bc7 30. Nb6 Bxb6 31. cxb6 Rxb6 32. Rac1 Rc8 33. Rc5 Kf7 34. Nd2 Ke7 35. R1c3 Kd7 36. Nb3 Bb7 37. Kh2 Rxc5 38. Nxc5+ Kd6 39. Ra3 Bc8 40. Kg3 e5 41. Nb3 Rb4 42. dxe5+ fxe5 43. f3 Rc4 44. Nd2 Rc2 45. Rd3 Kc5 46. Kh4 Bd7 47. g5 hxg5+ 48. Kxg5 Bb5 49. Nb3+ Kc4 50. Re3 d4 51. Na5+ Kb4 52. Rxe5 Kxa5 0-1

[Event "CAN-ch U20"]
[Site "Toronto"]
[Date "2019.08.08"]
[Round "2"]
[White "Zhao, Harry"]
[Black "Issani, Nameer"]
[Result "1/2-1/2"]
[WhiteElo "1950"]
[BlackElo "2054"]
[PlyCount "208"]
[EventDate "2019.08.08"]
[EventType "swiss"]
[EventRounds "8"]
[EventCountry "CAN"]
[SourceTitle "CBM 191 Extra"]
[Source "ChessBase"]
[SourceDate "2019.09.30"]
[SourceVersion "1"]
[SourceVersionDate "2019.09.30"]
[SourceQuality "1"]

1. d4 Nf6 2. Nf3 e6 3. Nbd2 c5 4. e3 d5 5. b3 Nbd7 6. Bb2 Bd6 7. Ne5 Qc7 8. f4 b6 9. Bd3 Bb7 10. 0-0 0-0 11. Qe2 Rac8 12. c4 Ne4 13. Rac1 f6 14. cxd5 Nxd2 15. Nxd7 Nxf1 16. Nxf8 Bxf8 17. dxe6 Nxe3 18. Qxe3 Bd6 19. Rf1 Bd5 20. g3 Qb7 21. Re1 b5 22. Be4 c4 23. bxc4 bxc4 24. Bc3 g6 25. Bxd5 Qxd5 26. Qe4 Qxe4 27. Rxe4 Kf8 28. Re1 Ke7 29. Kf2 Rb8 30. Kf3 h5 31. h3 a5 32. g4 hxg4+ 33. hxg4 Rh8 34. Bxa5 Rh3+ 35. Ke4 Ra3 36. Bb6 Kxe6 37. f5+ gxf5+ 38. gxf5+ Kd7 39. Kd5 Rxa2 40. Re6 Be7 41. Rc6 Rf2 42. Rc7+ Ke8 43. Rxc4 Kf7 44. Ke4 Bd6 45. Rc6 Ke7 46. Bc7 Ba3 47. Re6+ Kd7 48. Bg3 Re2+ 49. Kd5 Rd2 50. Bh4 Rh2 51. Bxf6 Rf2 52. Be5 Rxf5 53. Ra6 Rf3 54. Ra7+ Kc8 55. Ke6 Re3 56. Rc7+ Kd8 57. Rb7 Rc3 58. d5 Rc1 59. d6 Bxd6 60. Bxd6 Re1+ 61. Be5 Rc1 62. Rb8+ Rc8 63. Rb3 Rc1 64. Rh3 Kc8 65. Rb3 Kd8 66. Rb2 Rc6+ 67. Bd6 Rc1 68. Rb8+ Rc8 69. Rb7 Rc1 70. Kd5 Rd1+ 71. Kc6 Rc1+ 72. Bc5 Kc8 73. Ra7 Rb1 74. Rf7 Rd1 75. Rc7+ Kb8 76. Rb7+ Kc8 77. Rb2 Rd3 78. Rb6 Rd1 79. Kb5 Rb1+ 80. Bb4 Kc7 81. Ka5 Ra1+ 82. Kb5 Rb1 83. Re6 Rd1 84. Re7+ Rd7 85. Ba5+ Kd6 86. Re2 Rb7+ 87. Kc4 Rb1 88. Bb4+ Kc6 89. Re6+ Kd7 90. Rh6 Rc1+ 91. Kd5 Rd1+ 92. Ke5 Rb1 93. Bc5 Re1+ 94. Kd5 Rd1+ 95. Bd4 Re1 96. Rh2 Rd1 97. Rh7+ Ke8 98. Ke6 Re1+ 99. Be5 Rf1 100. Re7+ Kd8 101. Rb7 Rc1 102. Bf4 Re1+ 103. Kd6 Rd1+ 104. Kc6 Ke8 1/2-1/2

[Event "CAN-ch U20"]
[Site "Mississauga"]
[Date "2017.08.12"]
[Round "7"]
[White "Nasir, Zehn"]
[Black "Zhao, Harry"]
[Result "1-0"]
[WhiteElo "2068"]
[BlackElo "1928"]
[PlyCount "79"]
[EventDate "2017.08.09"]
[EventType "swiss"]
[EventRounds "9"]
[EventCountry "CAN"]
[SourceTitle "CBM 180 Extra"]
[Source "ChessBase"]
[SourceDate "2017.10.06"]
[SourceVersion "1"]
[SourceVersionDate "2017.10.06"]
[SourceQuality "1"]

1. e4 e6 2. d4 d5 3. Nd2 c5 4. exd5 Qxd5 5. dxc5 Bxc5 6. Ngf3 Nf6 7. Bc4 Qc6 8. Qe2 0-0 9. 0-0 a6 10. Nb3 Bd6 11. Bg5 Nbd7 12. Rad1 Bb8 13. Bh4 b5 14. Bd3 Bb7 15. Na5 Qc7 16. Nxb7 Qxb7 17. c4 bxc4 18. Bxc4 Rc8 19. Rfe1 e5 20. Bxf6 Nxf6 21. Ng5 Qc7 22. Bxf7+ Kh8 23. Be6 Rf8 24. Bb3 Qe7 25. Nf7+ Rxf7 26. Bxf7 Qxf7 27. Rd8+ Ng8 28. Qe4 Ba7 29. Rxa8 Bxf2+ 30. Kh1 Bxe1 31. Qxe1 Qxa2 32. Qc1 e4 33. h3 a5 34. Rc8 Qd5 35. Qc6 Qb3 36. Kh2 e3 37. Qc4 Qxc4 38. Rxc4 e2 39. Re4 h6 40. Rxe2 1-0

[Event "CAN-ch U20"]
[Site "Mississauga"]
[Date "2017.08.11"]
[Round "5"]
[White "Zhao, Harry"]
[Black "Chen, Max"]
[Result "1/2-1/2"]
[WhiteElo "1928"]
[BlackElo "1635"]
[PlyCount "78"]
[EventDate "2017.08.09"]
[EventType "swiss"]
[EventRounds "9"]
[EventCountry "CAN"]
[SourceTitle "CBM 180 Extra"]
[Source "ChessBase"]
[SourceDate "2017.10.06"]
[SourceVersion "1"]
[SourceVersionDate "2017.10.06"]
[SourceQuality "1"]

1. d4 Nf6 2. Nf3 d5 3. e3 e6 4. Bd3 Nbd7 5. b3 b6 6. Bb2 Bb7 7. 0-0 Bd6 8. Ne5 0-0 9. Nd2 c5 10. c4 Qe7 11. Rc1 Rac8 12. Re1 Rfd8 13. Qe2 h6 14. Bb1 Bb8 15. f4 Ne4 16. Nxe4 dxe4 17. g4 Nf8 18. d5 exd5 19. cxd5 Bxd5 20. Red1 Bb7 21. Qg2 Nd7 22. Bxe4 Bxe4 23. Qxe4 Nxe5 24. fxe5 Rxd1+ 25. Rxd1 Re8 26. e6 fxe6 27. Qc6 Rd8 28. Rxd8+ Qxd8 29. Qxe6+ Kh7 30. Qf5+ Kh8 31. Qf3 Qd6 32. Qe2 Qe6 33. e4 Be5 34. Bxe5 Qxe5 35. Kg2 Kh7 36. Qd3 Kg6 37. Kf3 Qf6+ 38. Ke3 Qg5+ 39. Kf3 Qf6+ 1/2-1/2

[Event "Toronto CMA Futurity"]
[Site "Toronto"]
[Date "2017.04.16"]
[Round "5"]
[White "Vettese, Nicholas"]
[Black "Zhao, Harry"]
[Result "0-1"]
[WhiteElo "2051"]
[BlackElo "1833"]
[PlyCount "46"]
[EventDate "2017.03.14"]
[EventType "swiss"]
[EventRounds "5"]
[EventCountry "CAN"]
[SourceTitle "EXT 2022"]
[Source "ChessBase"]
[SourceDate "2021.10.06"]
[SourceVersion "1"]
[SourceVersionDate "2021.10.06"]
[SourceQuality "1"]

1. e4 d5 2. exd5 Qxd5 3. Nc3 Qa5 4. d4 Nf6 5. Bc4 Bg4 6. Nf3 Nc6 7. Be3 0-0-0 8. Bxf7 e5 9. d5 e4 10. h3 exf3 11. hxg4 fxg2 12. Rg1 Bb4 13. Bd2 Nxd5 14. Nxd5 Rxd5 15. Bxd5 Re8+ 16. Qe2 Bxd2+ 17. Kd1 Rxe2 18. Kxe2 Nd4+ 19. Kd3 Qxd5 20. Kxd2 Nb3+ 21. Ke3 Nxa1 22. Rxa1 Qe5+ 23. Kf3 Qh2 0-1

[Event "Toronto CMA Futurity"]
[Site "Toronto"]
[Date "2017.04.16"]
[Round "4"]
[White "Zhao, Harry"]
[Black "Liu, Zhanhe"]
[Result "1-0"]
[WhiteElo "1833"]
[BlackElo "1923"]
[PlyCount "53"]
[EventDate "2017.03.14"]
[EventType "swiss"]
[EventRounds "5"]
[EventCountry "CAN"]
[SourceTitle "EXT 2022"]
[Source "ChessBase"]
[SourceDate "2021.10.06"]
[SourceVersion "1"]
[SourceVersionDate "2021.10.06"]
[SourceQuality "1"]

1. d4 f5 2. f3 Nf6 3. Nc3 d5 4. Bg5 Nc6 5. Nh3 e6 6. Qd2 Be7 7. Nf4 0-0 8. e3 Nb8 9. 0-0-0 c5 10. dxc5 Qc7 11. Nd3 Nbd7 12. Nb5 Qb8 13. Qc3 Ne4 14. fxe4 Bxg5 15. exd5 Bxe3+ 16. Kb1 exd5 17. c6 bxc6 18. Qxc6 Nf6 19. Nb4 a6 20. Nxd5 Nxd5 21. Qxd5+ Kh8 22. Nd6 Ra7 23. Nf7+ Kg8 24. Bc4 f4 25. Qh5 Bf5 26. Qxf5 Raxf7 27. Rd7 1-0

[Event "Toronto CMA Futurity"]
[Site "Toronto"]
[Date "2017.04.15"]
[Round "3"]
[White "Zhao, Harry"]
[Black "Zhao, Yuetong Davy"]
[Result "1/2-1/2"]
[WhiteElo "1833"]
[BlackElo "1870"]
[PlyCount "60"]
[EventDate "2017.03.14"]
[EventType "swiss"]
[EventRounds "5"]
[EventCountry "CAN"]
[SourceTitle "EXT 2022"]
[Source "ChessBase"]
[SourceDate "2021.10.06"]
[SourceVersion "1"]
[SourceVersionDate "2021.10.06"]
[SourceQuality "1"]

1. d4 d5 2. Nf3 Nf6 3. e3 c5 4. c4 cxd4 5. Nxd4 Nc6 6. Nc3 e5 7. Nf3 Bb4 8. a3 Bxc3+ 9. bxc3 Bg4 10. Be2 dxc4 11. Qxd8+ Rxd8 12. Bxc4 Ne4 13. Bb2 Bxf3 14. gxf3 Nxf2 15. Kxf2 Rd2+ 16. Kg3 Rxb2 17. Rhb1 Rxb1 18. Rxb1 b6 19. Bb5 Kd7 20. Rd1+ Kc7 21. Rd5 f6 22. a4 Re8 23. Kg4 g6 24. e4 Re6 25. f4 exf4 26. Kxf4 Rd6 27. Ke3 Ne7 28. Rd4 Rxd4 29. cxd4 Kd6 30. Bc4 g5 1/2-1/2

[Event "CAN-ch U16"]
[Site "Windsor"]
[Date "2016.07.08"]
[Round "6.10"]
[White "Fellah, Mohamed"]
[Black "Zhao, Harry"]
[Result "1-0"]
[WhiteElo "2021"]
[BlackElo "2219"]
[PlyCount "117"]
[EventDate "2016.07.05"]
[EventType "swiss"]
[EventRounds "7"]
[EventCountry "CAN"]
[SourceTitle "EXT 2022"]
[Source "ChessBase"]
[SourceDate "2021.10.06"]
[SourceVersion "1"]
[SourceVersionDate "2021.10.06"]
[SourceQuality "1"]

1. e4 e6 2. d4 d5 3. Nc3 Bb4 4. e5 c5 5. a3 Bxc3+ 6. bxc3 Ne7 7. Qg4 Qc7 8. Qxg7 Rg8 9. Qxh7 cxd4 10. Ne2 Nbc6 11. f4 Bd7 12. Qd3 dxc3 13. h4 Nf5 14. h5 0-0-0 15. h6 Rg6 16. Rb1 d4 17. h7 Rh8 18. Rh5 Rg7 19. Qh3 Na5 20. g4 Ne3 21. Bxe3 dxe3 22. Qxe3 Rgxh7 23. Rxh7 Rxh7 24. Qxa7 Kd8 25. Ng3 Bc6 26. Rb6 Qd7 27. Ne4 Nc4 28. Bxc4 Rh1+ 29. Bf1 Rxf1+ 30. Kxf1 Qd1+ 31. Kf2 Qxc2+ 32. Kg3 Qxe4 33. Rb4 Qg2+ 34. Kh4 Kc7 35. Qb6+ Kc8 36. Rd4 Qh1+ 37. Kg5 Qh8 38. Qc5 Qe8 39. Qxc3 Qe7+ 40. Kh5 Kb8 41. Qb4 Qe8 42. Qd6+ Kc8 43. Kh4 Bd5 44. a4 Qh8+ 45. Kg3 Qh1 46. Qf8+ Kc7 47. Qxf7+ Kb6 48. Rxd5 Qe1+ 49. Kh2 Qf2+ 50. Kh3 Qf3+ 51. Kh4 Qxd5 52. Kg5 Qd8+ 53. Kg6 Qc8 54. f5 exf5 55. gxf5 Ka5 56. e6 Qc6 57. Qd7 Qg2+ 58. Kf7 Kb4 59. e7 1-0

[Event "CAN-ch U16"]
[Site "Windsor"]
[Date "2016.07.06"]
[Round "3.12"]
[White "Zhao, Harry"]
[Black "Lei, Sean"]
[Result "1/2-1/2"]
[WhiteElo "2219"]
[BlackElo "2180"]
[PlyCount "31"]
[EventDate "2016.07.05"]
[EventType "swiss"]
[EventRounds "7"]
[EventCountry "CAN"]
[SourceTitle "EXT 2022"]
[Source "ChessBase"]
[SourceDate "2021.10.06"]
[SourceVersion "1"]
[SourceVersionDate "2021.10.06"]
[SourceQuality "1"]

1. d4 Nf6 2. Nf3 d5 3. e3 e6 4. Bd3 Be7 5. Nbd2 c5 6. b3 Nc6 7. a3 a5 8. Bb2 Rb8 9. Qe2 Qb6 10. 0-0 c4 11. bxc4 Qxb2 12. Rab1 Qxa3 13. c5 a4 14. Rb5 Na7 15. Nb1 Qa2 16. Nc3 1/2-1/2

[Event "North American-ch U20"]
[Site "Kitchener"]
[Date "2015.07.30"]
[Round "9"]
[White "Hua, Eugene"]
[Black "Zhao, Harry"]
[Result "0-1"]
[WhiteElo "1876"]
[BlackElo "1892"]
[PlyCount "82"]
[EventDate "2015.07.26"]
[EventType "swiss"]
[EventRounds "9"]
[EventCountry "CAN"]
[SourceTitle "EXT 2019"]
[Source "ChessBase"]
[SourceDate "2018.10.10"]
[SourceVersion "1"]
[SourceVersionDate "2018.10.10"]
[SourceQuality "1"]

1. c4 e6 2. g3 d5 3. Nf3 Nf6 4. Bg2 Bd6 5. 0-0 0-0 6. b3 e5 7. cxd5 Nxd5 8. Bb2 Re8 9. d4 e4 10. Ne5 f6 11. Nc4 Bf8 12. Nc3 Nxc3 13. Bxc3 b6 14. Qd2 Bb7 15. Rad1 Na6 16. Ne3 g6 17. d5 Qe7 18. Ng4 Bg7 19. d6 Qe6 20. Bh3 f5 21. Bxg7 fxg4 22. Bb2 cxd6 23. Qd4 Re7 24. Bg2 h5 25. Qxd6 Rae8 26. Qd2 e3 27. Qc3 Kh7 28. fxe3 Bxg2 29. Kxg2 Nc5 30. Rf4 Ne4 31. Qc2 Rc8 32. Qd3 Nc5 33. Qc3 Qc6+ 34. Kg1 Ne4 35. Qd4 Ng5 36. h4 Nh3+ 37. Kh2 Nxf4 38. Qxf4 Qc2 39. Qd4 Qxe2+ 40. Kg1 Rf7 41. e4 Rcf8 0-1

[Event "North American-ch U20"]
[Site "Kitchener"]
[Date "2015.07.30"]
[Round "8"]
[White "Zhao, Harry"]
[Black "Zhang, Henry"]
[Result "0-1"]
[WhiteElo "1892"]
[BlackElo "1593"]
[PlyCount "118"]
[EventDate "2015.07.26"]
[EventType "swiss"]
[EventRounds "9"]
[EventCountry "CAN"]
[SourceTitle "EXT 2019"]
[Source "ChessBase"]
[SourceDate "2018.10.10"]
[SourceVersion "1"]
[SourceVersionDate "2018.10.10"]
[SourceQuality "1"]

1. d4 Nf6 2. Nf3 g6 3. Nbd2 d5 4. e3 Bg7 5. Bd3 0-0 6. 0-0 c5 7. b3 cxd4 8. exd4 Nc6 9. Bb2 Nb4 10. Be2 Bf5 11. a3 Bxc2 12. Qc1 Bd3 13. Qd1 Bxe2 14. Qxe2 Nc6 15. Ne5 Re8 16. b4 Nxe5 17. dxe5 Nd7 18. Nb3 e6 19. Rac1 Rc8 20. f4 Nb6 21. Na5 Qd7 22. Bd4 Na8 23. b5 Bf8 24. Qb2 Nb6 25. Qb3 Rxc1 26. Rxc1 Rc8 27. Rd1 Bc5 28. h3 Bxd4+ 29. Rxd4 Qc7 30. Qb4 Nc4 31. Nb3 a6 32. bxa6 bxa6 33. a4 a5 34. Qc3 Qb6 35. Kh2 Rb8 36. Rd3 Qb4 37. Qa1 Nb6 38. Nd4 Qc4 39. Rc3 Qxa4 40. Ra3 Qb4 41. Rxa5 Qd2 42. Kg3 g5 43. fxg5 Qxg5+ 44. Kf2 Nc4 45. Nf3 Qe3+ 46. Kg3 Nxa5 47. Qxa5 h5 48. Qc7 h4+ 49. Kxh4 Qf4+ 50. g4 Re8 51. Qd7 Rf8 52. Ng5 Qxe5 53. Nf3 Qf6+ 54. Kg3 Rd8 55. Qc7 Re8 56. Qd7 Ra8 57. g5 Qf5 58. Qb7 Ra3 59. Qb8+ Kh7 0-1

[Event "North American-ch U20"]
[Site "Kitchener"]
[Date "2015.07.28"]
[Round "4"]
[White "Li, Ben"]
[Black "Zhao, Harry"]
[Result "1-0"]
[WhiteElo "2202"]
[BlackElo "1892"]
[PlyCount "179"]
[EventDate "2015.07.26"]
[EventType "swiss"]
[EventRounds "9"]
[EventCountry "CAN"]
[SourceTitle "EXT 2019"]
[Source "ChessBase"]
[SourceDate "2018.10.10"]
[SourceVersion "1"]
[SourceVersionDate "2018.10.10"]
[SourceQuality "1"]

1. d4 d5 2. Nf3 e6 3. c4 c6 4. e3 Bd6 5. Bd3 Nf6 6. b3 Nbd7 7. Bb2 dxc4 8. bxc4 Qc7 9. Nbd2 b6 10. 0-0 0-0 11. Qc2 Bb7 12. Ne4 Nxe4 13. Bxe4 h6 14. Rad1 Rad8 15. h3 Rfe8 16. Rd2 e5 17. Rfd1 exd4 18. exd4 Bf4 19. Re2 Bc8 20. Rde1 Nf6 21. Bd3 Be6 22. Ne5 Nh5 23. Bh7+ Kh8 24. Bf5 Bxe5 25. Rxe5 Bd7 26. Bd3 Nf4 27. Bf1 Ng6 28. R5e3 Qc8 29. Qc3 Bf5 30. Qa3 Rxe3 31. Qxe3 Kh7 32. Qa3 Qb7 33. Qc3 f6 34. Re3 Qd7 35. Qe1 Qd6 36. Rf3 Qd7 37. Re3 Qd6 38. Qc3 Nf8 39. Ba3 Qc7 40. Re7 Rd7 41. Re8 Ne6 42. g4 Nxd4 43. gxf5 Qf4 44. Qg3 Nf3+ 45. Kg2 Nh4+ 46. Kh1 Qd4 47. Re1 Nxf5 48. Qf3 g6 49. Bc1 Nh4 50. Qe3 Qxe3 51. Bxe3 Nf3 52. Rc1 c5 53. Be2 Ne5 54. Kg2 g5 55. Kg3 f5 56. f4 Nf7 57. Rd1 Re7 58. Kf2 Kg6 59. Rd5 gxf4 60. Bxf4 Re4 61. Bb8 Ng5 62. Bd3 Nxh3+ 63. Kf1 Re3 64. Bxf5+ Kf6 65. Bxh3 Rxh3 66. Bxa7 Rc3 67. Bxb6 Rxc4 68. Rd2 Ke5 69. a3 h5 70. Ra2 h4 71. a4 Rg4 72. a5 Kd6 73. a6 Rg8 74. a7 Ra8 75. Rc2 Kc6 76. Bxc5 Kb7 77. Kg2 Rg8+ 78. Kh3 Rh8 79. Bd4 Rd8 80. Rd2 Rg8 81. Kxh4 Kc7 82. Kh5 Kb7 83. Kh6 Ka8 84. Kh7 Rg3 85. Rc2 Rh3+ 86. Kg7 Rg3+ 87. Kf7 Rf3+ 88. Ke7 Ra3 89. Rc8+ Kb7 90. Rb8+ 1-0

[Event "North American-ch U20"]
[Site "Kitchener"]
[Date "2015.07.26"]
[Round "1"]
[White "Zhao, Harry"]
[Black "Zhang, Yuanchen"]
[Result "0-1"]
[WhiteElo "1892"]
[BlackElo "2295"]
[PlyCount "168"]
[EventDate "2015.07.26"]
[EventType "swiss"]
[EventRounds "9"]
[EventCountry "CAN"]
[SourceTitle "EXT 2019"]
[Source "ChessBase"]
[SourceDate "2018.10.10"]
[SourceVersion "1"]
[SourceVersionDate "2018.10.10"]
[SourceQuality "1"]

1. d4 Nf6 2. Nf3 e6 3. Nbd2 d5 4. e3 Bd6 5. b3 0-0 6. Bd3 Nbd7 7. Bb2 c6 8. Ne5 Qc7 9. f4 Re8 10. 0-0 Nf8 11. Rf3 N6d7 12. Rh3 g6 13. e4 Nf6 14. Qf1 dxe4 15. Nxe4 Nxe4 16. Bxe4 f6 17. Ng4 Be7 18. Bd3 h5 19. Ne3 Bd6 20. Rf3 b5 21. a4 Bb7 22. Rf2 bxa4 23. Rxa4 c5 24. Nc4 Be7 25. Qa1 Bd5 26. Bc3 Kf7 27. Ba5 Qc6 28. Bc3 Nd7 29. Ra6 Qc7 30. Ne3 Bb7 31. Ra2 cxd4 32. Bxd4 Nc5 33. Bb5 Red8 34. Rf1 Ne4 35. Bxa7 Rxa7 36. Rxa7 Bc5 37. Re1 Qb6 38. Rxb7+ Qxb7 39. Bd3 Qc7 40. Bxe4 Qxf4 41. Bd3 Bxe3+ 42. Kh1 Bd4 43. Qd1 Be5 44. g3 Qd4 45. Qe2 h4 46. Kg2 hxg3 47. hxg3 Qd6 48. Qe4 Qd5 49. Qxd5 Rxd5 50. Re3 g5 51. Be2 Rd2 52. c3 Bxc3 53. Kf1 Be5 54. b4 Rb2 55. b5 Rb4 56. Ra3 f5 57. Kf2 Bd4+ 58. Ke1 g4 59. Kf1 Rb1+ 60. Kg2 Rb2 61. Kf1 Kf6 62. Rd3 Ke5 63. Ra3 Kd5 64. Rd3 e5 65. Ra3 Rb1+ 66. Kg2 Rg1+ 67. Kh2 Re1 68. Ra2 Ke4 69. Rc2 Ke3 70. Bc4 f4 71. gxf4 exf4 72. Be6 f3 73. Kg3 Rg1+ 74. Kh2 g3+ 75. Kxg1 Kd3+ 76. Rf2 Bxf2+ 77. Kf1 Bb6 78. Bh3 Ke4 79. Bg2 fxg2+ 80. Kxg2 Kf4 81. Kh1 Kg4 82. Kg2 Bc7 83. Kh1 Kf3 84. b6 g2+ 0-1

[Event "CAN-ch U14"]
[Site "Windsor"]
[Date "2015.07.08"]
[Round "5.24"]
[White "Zhao, Harry"]
[Black "Fan, Run Kun"]
[Result "1/2-1/2"]
[WhiteElo "2010"]
[BlackElo "2006"]
[PlyCount "68"]
[EventDate "2015.07.06"]
[EventType "swiss"]
[EventRounds "7"]
[EventCountry "CAN"]
[SourceTitle "EXT 2022"]
[Source "ChessBase"]
[SourceDate "2021.10.06"]
[SourceVersion "1"]
[SourceVersionDate "2021.10.06"]
[SourceQuality "1"]

1. d4 d5 2. Nf3 c6 3. e3 Nf6 4. b3 e6 5. Bd3 Bd6 6. Bb2 b6 7. Nbd2 Bb7 8. 0-0 0-0 9. Ne5 Nbd7 10. f4 c5 11. Qe1 Ne4 12. Bxe4 dxe4 13. Ndc4 Nxe5 14. dxe5 Be7 15. Rd1 Qc7 16. Rf2 Rad8 17. Rfd2 Rd5 18. Na3 Rfd8 19. Nb1 c4 20. Ba3 cxb3 21. axb3 Bxa3 22. Nxa3 Qc3 23. Nc4 Bc6 24. Nd6 a5 25. Rd4 Qxe1+ 26. Rxe1 Rxd4 27. exd4 a4 28. bxa4 f5 29. Ra1 Ra8 30. Nc4 b5 31. Nb6 Ra5 32. c4 bxa4 33. d5 exd5 34. cxd5 Bxd5 1/2-1/2

[Event "CAN-ch U14"]
[Site "Windsor"]
[Date "2015.07.06"]
[Round "1.28"]
[White "Zhao, Harry"]
[Black "Chertkow, Matthew"]
[Result "1-0"]
[WhiteElo "2010"]
[BlackElo "1202"]
[PlyCount "89"]
[EventDate "2015.07.06"]
[EventType "swiss"]
[EventRounds "7"]
[EventCountry "CAN"]
[SourceTitle "EXT 2022"]
[Source "ChessBase"]
[SourceDate "2021.10.06"]
[SourceVersion "1"]
[SourceVersionDate "2021.10.06"]
[SourceQuality "1"]

1. d4 Nf6 2. Nf3 d5 3. e3 g6 4. Bd3 Bg7 5. Nbd2 0-0 6. 0-0 Nc6 7. c4 Bg4 8. h3 Bxf3 9. Nxf3 Re8 10. b3 e6 11. Bb2 dxc4 12. bxc4 Qe7 13. Qb3 Qb4 14. Bc3 Qxb3 15. axb3 Nd7 16. b4 e5 17. b5 Nd8 18. Nd2 f5 19. Ra2 e4 20. Bc2 Ne6 21. Rfa1 Ndc5 22. Rxa7 Rad8 23. R1a3 f4 24. Nxe4 Nxe4 25. Bxe4 Nxd4 26. Bxd4 Bxd4 27. exd4 Rxe4 28. Rxb7 Rd7 29. Ra8+ Kg7 30. Raa7 Ree7 31. b6 Rxd4 32. Rxc7 Rxc7 33. bxc7 Rd1+ 34. Kh2 Rd7 35. c8Q Rxa7 36. Qd8 Ra6 37. Qd7+ Kh8 38. Qc8+ Kg7 39. Qxa6 Kf7 40. Qd6 Kg8 41. Qe7 h5 42. c5 Kh8 43. c6 Kg8 44. c7 Kh8 45. c8R# 1-0

[Event "Ontario op"]
[Site "Brantford"]
[Date "2015.05.16"]
[Round "1.7"]
[White "Zhao, Harry"]
[Black "Thavandiran, Shiyam"]
[Result "0-1"]
[WhiteElo "2093"]
[BlackElo "2432"]
[PlyCount "78"]
[EventDate "2015.05.16"]
[EventType "swiss"]
[EventRounds "6"]
[EventCountry "CAN"]
[SourceTitle "EXT 2019"]
[Source "ChessBase"]
[SourceDate "2018.10.10"]
[SourceVersion "1"]
[SourceVersionDate "2018.10.10"]
[SourceQuality "1"]

1. d4 Nf6 2. Nf3 c5 3. e3 d5 4. b3 Bg4 5. Bb2 cxd4 6. exd4 Nc6 7. Be2 e6 8. Nbd2 Qa5 9. 0-0 Ba3 10. Bxa3 Qxa3 11. Re1 0-0 12. Qc1 Qd6 13. Qb2 Rac8 14. a3 Qf4 15. Rad1 Rfd8 16. Nf1 Ne7 17. Ng3 Qc7 18. Rd2 Qf4 19. Red1 Rc7 20. Ne5 Rdc8 21. Bf3 Bxf3 22. Nxf3 Nf5 23. Ne5 Nxg3 24. hxg3 Qf5 25. c4 b6 26. Rc1 h6 27. Rdc2 dxc4 28. Rxc4 Rxc4 29. Rxc4 Rxc4 30. bxc4 Qe4 31. c5 bxc5 32. dxc5 Qe1+ 33. Kh2 Qxe5 34. Qc1 Ng4+ 35. Kg1 Qd4 36. Kh1 Qxf2 37. Qd1 Qxg3 38. Kg1 Qe3+ 39. Kh1 Nf2+ 0-1

[Event "Toronto NAYCC U12"]
[Site "Toronto"]
[Date "2013.08.18"]
[Round "8"]
[White "Balendra, Harigaran"]
[Black "Zhao, Harry"]
[Result "0-1"]
[WhiteElo "1317"]
[BlackElo "1767"]
[PlyCount "200"]
[EventDate "2013.08.14"]
[EventType "swiss"]
[EventRounds "9"]
[EventCountry "CAN"]
[SourceTitle "EXT 2022"]
[Source "ChessBase"]
[SourceDate "2021.10.06"]
[SourceVersion "1"]
[SourceVersionDate "2021.10.06"]
[SourceQuality "1"]

1. e4 d5 2. exd5 Qxd5 3. Nc3 Qa5 4. d4 Nf6 5. Bd2 c6 6. Nf3 Bg4 7. Be2 Nbd7 8. 0-0 Qc7 9. Ne5 Be6 10. Bf4 Qd8 11. Nf3 g6 12. Ng5 Bd5 13. Bd2 Qb6 14. Nxd5 cxd5 15. Bc3 Bg7 16. b3 0-0 17. Bb2 Rac8 18. Re1 e6 19. Bd3 Rfd8 20. Qf3 h6 21. Nh3 a5 22. a4 Nb8 23. Rad1 Na6 24. Ba3 Ne8 25. Bxa6 Qxa6 26. c3 Qc6 27. Rc1 Nd6 28. Bxd6 Rxd6 29. Nf4 Qb6 30. Rb1 Rdc6 31. Ne2 Qa6 32. b4 axb4 33. Rxb4 Bf8 34. Rb3 Rc4 35. Reb1 R8c7 36. Qf4 Qxa4 37. h3 Qc6 38. Rb6 Qd7 39. Qe3 Kg7 40. Qf4 Be7 41. Qe5+ Bf6 42. Qf4 R4c6 43. R6b3 Bg5 44. Qf3 Qc8 45. Qd3 Rc4 46. Ra1 Qb8 47. g3 b5 48. Rab1 Rb7 49. f4 Be7 50. Qe3 Bd6 51. Kg2 Rcc7 52. Qd3 Rc4 53. Qe3 Rc6 54. Qd2 Rcb6 55. Nc1 b4 56. cxb4 Rxb4 57. Rxb4 Rxb4 58. Rxb4 Qxb4 59. Qxb4 Bxb4 60. Ne2 f6 61. Kf3 Bd6 62. g4 e5 63. fxe5 fxe5 64. dxe5 Bxe5 65. Nc1 Kf6 66. Nd3 Bc3 67. h4 Be5 68. Nc5 Ke7 69. Nd3 Kd6 70. h5 g5 71. Nf2 Kc5 72. Ke2 Kd4 73. Nd1 Bf4 74. Nf2 Kc3 75. Nd3 Kd4 76. Nf2 Bg3 77. Nd1 Ke4 78. Ne3 Bd6 79. Nf5 Bf8 80. Ne3 d4 81. Nd1 d3+ 82. Kd2 Bb4+ 83. Kc1 Kf3 84. Nb2 d2+ 85. Kd1 Kxg4 86. Nd3 Bc3 87. Nc5 Kf3 88. Ne6 g4 89. Nc5 g3 90. Nb3 g2 91. Nxd2+ Bxd2 92. Kxd2 g1Q 93. Kd3 Qe3+ 94. Kc4 Ke4 95. Kb5 Qc3 96. Kb6 Qc4 97. Kb7 Qc5 98. Ka8 Qb5 99. Ka7 Kd5 100. Ka8 Kc6 0-1

[Event "Toronto NAYCC U12"]
[Site "Toronto"]
[Date "2013.08.18"]
[Round "9"]
[White "Zhao, Harry"]
[Black "Li, Ben"]
[Result "0-1"]
[WhiteElo "1767"]
[BlackElo "2037"]
[PlyCount "94"]
[EventDate "2013.08.14"]
[EventType "swiss"]
[EventRounds "9"]
[EventCountry "CAN"]
[SourceTitle "EXT 2022"]
[Source "ChessBase"]
[SourceDate "2021.10.06"]
[SourceVersion "1"]
[SourceVersionDate "2021.10.06"]
[SourceQuality "1"]

1. d4 d5 2. Nf3 Nf6 3. e3 Bf5 4. Bd3 Bxd3 5. Qxd3 b6 6. Nbd2 g6 7. 0-0 Bg7 8. c3 0-0 9. e4 dxe4 10. Nxe4 Nbd7 11. Re1 h6 12. Bf4 Nxe4 13. Qxe4 Nf6 14. Qe2 e6 15. Rad1 Qc8 16. Qd2 Kh7 17. Ne5 Qb7 18. Re3 g5 19. Bxg5 hxg5 20. Rh3+ Kg8 21. Qxg5 Qe4 22. Rg3 Ne8 23. Nd7 f6 24. Qb5 Rf7 25. Re3 Qc2 26. Rde1 Nd6 27. Qc6 Rd8 28. Nc5 bxc5 29. dxc5 Nf5 30. Rxe6 Rd1 31. Qe8+ Rf8 32. Qh5 Rxe1+ 33. Rxe1 Qd2 34. Rd1 Qg5 35. Qe2 Nh4 36. g3 Ng6 37. Rd7 Ne5 38. Rxc7 Qc1+ 39. Kg2 Rd8 40. c6 Rd1 41. Rc8+ Bf8 42. Qh5 Rg1+ 43. Kh3 Qf1+ 44. Kh4 Qxf2 45. Rxf8+ Kxf8 46. Qh8+ Ke7 47. Qh7+ Kd6 0-1